عرض عادي
عرض مارك
- Anatomy, Surgical and topographical
مدخل مصطلح موضوعي
001 - رقم الضبط
- حقل الضبط: 21346
003 - معرف رقم الضبط
- حقل الضبط: OSt
005 - تاريخ ووقت أخر عملية
- حقل الضبط: 20130211005344.0
008 - عناصر بيانات ثابتة الطول
- حقل تحكم ثابت الطول: 130211|||a|||||| | ||| d
040 ## - مصدر الفهرسة
- هيئة الفهرسة الأصلية: OSt
- وكالة الكتابة: OSt
150 ## - مدخل-- مصطلح تاريخي
- عنصر مدخل المصطلح الموضوعي او الاسم الجغرافي: Anatomy, Surgical and topographical
- تفريع شكلي: Outlines, syllabi, etc.
670 ## - بيانات المصدر موجوده
- الاستشهاد بالمصدر: Work cat.: (OSt)30007: Dudek, Ronald W., 1950- 21345, High-yield gross anatomy /, c2008.
